Eastern Utah Libraries Catalog: Duchesne, Heber, Roosevelt, & Vernal

Longmire. The complete series (Record no. 360366)

MARC details
000 -LEADER
fixed length control field 02130cgm a22004818i 4500
005 - DATE AND TIME OF LATEST TRANSACTION
control field 20251209120615.0
007 - PHYSICAL DESCRIPTION FIXED FIELD--GENERAL INFORMATION
fixed length control field vd cvaizk
008 - FIXED-LENGTH DATA ELEMENTS--GENERAL INFORMATION
fixed length control field 210210s2021 000 ## v eng d
024 ## - OTHER STANDARD IDENTIFIER
Standard number or code 883929735860 (videorecording)
040 ## - CATALOGING SOURCE
Original cataloging agency CTMMLL
Language of cataloging eng
Description conventions rda
Transcribing agency CTMMLL
082 04 - DEWEY DECIMAL CLASSIFICATION NUMBER
Classification number [Fic]
Edition number 23
092 ## - LOCALLY ASSIGNED DEWEY CALL NUMBER (OCLC)
Item number DVD
245 00 - TITLE STATEMENT
Title Longmire. The complete series
Medium [videorecording] /
264 #2 - Production, Publication, Distribution, Manufacture, and Copyright Notice.
Place of production, publication, distribution, manufacture Old Saybrook, Connecticut :
Name of producer, publisher, distributor, manufacturer www.micromarketing.org
264 #1 - Production, Publication, Distribution, Manufacture, and Copyright Notice.
Place of production, publication, distribution, manufacture [United States] :
Name of producer, publisher, distributor, manufacturer [Warner Home Video], developed for television by Hunt Baldwin and John Coveny.
Date of production, publication, distribution, manufacture, or copyr [2021]
264 #2 - Production, Publication, Distribution, Manufacture, and Copyright Notice.
Place of production, publication, distribution, manufacture Old Saybrook, Connecticut :
Name of producer, publisher, distributor, manufacturer www.micromarketing.org
Date of production, publication, distribution, manufacture, or copyr 2021
300 ## - PHYSICAL DESCRIPTION
Extent [15 videodisc2 (approximately 3780 minutes)?] :
Other physical details sound, color;
Dimensions 4 3/4 in.
336 ## - Content Type
Content type term two-dimensional moving image
337 ## - Media type
Media type term video
338 ## - Carrier type
Carrier type term videodisc
500 ## - GENERAL NOTE
General note [Typographic symbols and accents removed for systems compatibility.]
511 1# - PARTICIPANT OR PERFORMER NOTE
Participant or performer note Robert Taylor, Katee Sackhoff, Lou Diamond Phillips.
520 ## - SUMMARY, ETC.
Summary, etc Based on the books by Craig Johnson, Sheriff Walt Longmire and others, solve mysteries while fighting crime in modern day Wyoming.
521 8# - TARGET AUDIENCE NOTE
Target audience note Rating: [TBD].
538 ## - SYSTEM DETAILS NOTE
System details note DVD, color, [widescreen?], NTSC.
546 ## - LANGUAGE NOTE
Language note English audio.
650 #0 - SUBJECT ADDED ENTRY--TOPICAL TERM
Topical term or geographic name as entry element Sheriffs
Geographic subdivision Wyoming
Form subdivision Drama.
9 (RLIN) 6400769
650 #0 - SUBJECT ADDED ENTRY--TOPICAL TERM
Topical term or geographic name as entry element Interpersonal relationships
Form subdivision Drama.
9 (RLIN) 6413368
650 #0 - SUBJECT ADDED ENTRY--TOPICAL TERM
Topical term or geographic name as entry element Murder
General subdivision Investigation
Form subdivision Drama.
9 (RLIN) 5675811
650 #0 - SUBJECT ADDED ENTRY--TOPICAL TERM
Topical term or geographic name as entry element Action and adventure films.
9 (RLIN) 78765
655 #7 - INDEX TERM--GENRE/FORM
Genre/form data or focus term Television crime shows.
Source of term lcgft.
9 (RLIN) 5706353
655 #7 - INDEX TERM--GENRE/FORM
Genre/form data or focus term Television series.
Source of term lcgft
655 #7 - INDEX TERM--GENRE/FORM
Genre/form data or focus term Fiction television programs.
9 (RLIN) 5673656
700 1# - ADDED ENTRY--PERSONAL NAME
Personal name Taylor, Robert,
Dates associated with a name 1963-
Relator term actor.
9 (RLIN) 5746011
700 1# - ADDED ENTRY--PERSONAL NAME
Personal name Sackhoff, Katee,
Relator term actor.
9 (RLIN) 73183
700 1# - ADDED ENTRY--PERSONAL NAME
Personal name Phillips, Lou Diamond,
Dates associated with a name 1962-
Relator term actor.
9 (RLIN) 63462
700 1# - ADDED ENTRY--PERSONAL NAME
Personal name Johnson, Craig,
Dates associated with a name 1961-
Title of a work Walt Longmire mystery ;
9 (RLIN) 5681335
710 2# - ADDED ENTRY--CORPORATE NAME
Corporate name or jurisdiction name as entry element Warner Bros. Entertainment.
9 (RLIN) 52548
710 2# - ADDED ENTRY--CORPORATE NAME
Corporate name or jurisdiction name as entry element Warner Home Video (Firm)
Relator term film distributor.
9 (RLIN) 61103
730 0# - ADDED ENTRY--UNIFORM TITLE
Uniform title Longmire (Television program)
9 (RLIN) 6273617
942 ## - ADDED ENTRY ELEMENTS (KOHA)
Source of classification or shelving scheme Dewey Decimal Classification
Koha item type DVD Series
949 ## - LOCAL PROCESSING INFORMATION (OCLC)
n www.MicroMarketing.org 800-229-9887
Holdings
Withdrawn status Lost status Source of classification or shelving scheme Materials specified (bound volume or other part) Damaged status Not for loan Collection code Home library Current library Shelving location Date acquired Source of acquisition Total Checkouts Total Renewals Full call number Barcode Date last seen Date checked out Cost, replacement price Price effective from Koha item type
    Dewey Decimal Classification 15 discs     Television Series Wasatch County Library Wasatch County Library Audio Visual Area 04/12/2021 Micromarketing 11 18 TV Series Longmire #1-6 34301001810854 12/09/2025 06/02/2025 79.99 04/12/2021 DVD Series
This project was made possible through a grant from the Institute of Museum and Library Service administered by the Utah State Library Division.

Wasatch County Library

  • 465 East 1200 South, Heber City, Utah 84032
  • Phone 435-654-1511 | Fax 435-654-6456

Hours

  • Monday - Friday 9:30 AM - 8:00 PM
  • Saturday 9:30 AM - 1:30 PM
  • Closed Sundays and Holidays